000
00262nam a22001217a 4500
008
171226b xxu||||| |||| 00| 0 eng d
041
_a
eng
080
_a
94
100
_a
16
101
_a
his
245
_a
A HISTORY OF MEDICINE
_c
MAJOR.R.H
942
_2
udc
_c
BK
999
_c
39411
_d
39411